Radio y televisión / (Record no. 21120)

MARC details
000 -LEADER
campo de control de longitud fija 00641nam a2200205 i 4500
001 - NÚMERO DE CONTROL
campo de control 21120
003 - IDENTIFICADOR DE NÚMERO DE CONTROL
campo de control ES-MaACL
007 - CAMPO FIJO DE DESCRIPCIÓN FÍSICA--INFORMACIÓN GENERAL
campo de control de longitud fija t|
008 - DATOS DE LONGITUD FIJA--INFORMACIÓN GENERAL
campo de control de longitud fija 021121s1954 sp ||||1| spa d
100 1# - ENTRADA PRINCIPAL--NOMBRE DE PERSONA
Nombre de persona Achre.
9 (RLIN) 18269
245 10 - MENCIÓN DEL TÍTULO
Título Radio y televisión /
Mención de responsabilidad, etc. Achre, Bruny ; adaptación de Ricardo F. Combeller.
260 ## - PUBLICACIÓN, DISTRIBUCIÓN, ETC.
Lugar de publicación, distribución, etc. Barcelona :
Nombre del editor, distribuidor, etc. Serrahima y Urpi,
Fecha de publicación, distribución, etc. 1954.
300 ## - DESCRIPCIÓN FÍSICA
Extensión 331 p. :
Otras características físicas il. ;
Dimensiones 22 cm.
490 1# - MENCIÓN DE SERIE
Mención de serie Biblioteca los secretos de la industria
700 1# - ENTRADA AGREGADA--NOMBRE PERSONAL
Nombre de persona Bruny.
9 (RLIN) 32218
700 1# - ENTRADA AGREGADA--NOMBRE PERSONAL
Nombre de persona Combeller, F.
9 (RLIN) 39966
830 0# - PUNTO DE ACCESO ADICIONAL DE SERIE-TÍTULO UNIFORME
Título uniforme Biblioteca los secretos de la industria
9 (RLIN) 181510
852 ## - LOCALIZACIÓN
Ubicación ES-MaACL
Número de control de estantería C-9548
Sublocalización o colección R.37702
Holdings
Estatus retirado Estado de pérdida Estado de daño No para préstamo Biblioteca de origen Biblioteca actual Ubicación en estantería Fecha de adquisición Fuente de adquisición Total de préstamos Signatura topográfica completa Código de barras Visto por última vez Precio de reemplazo Tipo de ítem Koha
        Biblioteca del Ateneo de Madrid Biblioteca del Ateneo de Madrid Sala Palomar 17/01/2008     C-9548 1021694 23/02/2023 23/02/2023 Libro impreso